000 01725nam a22003257a 4500
005 20220316235139.0
008 140531b2004 sp a|||g|||| 00| 01sspad
020 _a9789588846101
100 1 _aBase, Graeme
_d1958-
245 1 0 _aTambores mágicos
_cGraeme Base ; tradución Raquel Solá
250 _aEdición especial para el Ministerio de Cultura
300 _a[38] páginas sin enumerar
_bilustraciones a color
_c29 cm
490 _aLeer es mi cuento
520 _aNgiri, el pequeño cerdo salvaje de este cuento, padece las continuas burlas de sus parientes debido a su tamaño, mas al intentar ir con los otros animales en busca de ánimo se verá así mismo defraudado. Triste vagabundea por la sabana cuando se encuentra con Nyumbu, la ñu más vieja y sabia, quien le obsequia un tambor mágico con el cual hacer realidad sus deseos; pero aprenderá Ngiri que obtener todo lo que se quiere no es siempre sinónimo de mayor contento.
521 _aRecomendado para niños de 6 a 8 años
534 _bJungle drums
650 1 4 _2LEMB
_aCuentos infantiles ingleses
_ySiglo XX
650 1 4 _2LEMB
_aLiteratura infantil inglesa
_ySiglo XX
650 1 4 _2LEMB
_aAnimales en la literatura
650 1 4 _2LEMB
_aTambores en la literatura
700 1 _aSoláa, Raquel
_etraductor
_987692
830 _aColección para la Primera Infancia del Ministerio de Cultura, Plan Nacional de Lectura y Escritura Leer es mi cuento, Primera Infancia 2013
942 _2loc
_cBKINF
264 _aBarcelona
_aBogotá
_bJuventud S.A
_bPanamericana
_c2004
336 _atexto
_btxt
_2rdacontent
337 _asin mediación
_bn
_2rdamedia
338 _avolumen
_bnc
_2rdacarrier
040 _aCO-BoRNBP
_bspa
_erda
_cCO-BoRNBP
084 _aC BAS5
999 _c36
_d36